Herba sumber perubatan tradisional : merawat pelbagai penyakit

Bibliographic Details
Main Author: Ayob Ismail
Format: Book
Published: Kuala Lumpur : Golden Books Centre , 2001
Subjects:

MARC

LEADER 00000cam a2200000 7i4500
001 0000003327
005 20050823.0
020 0 0 |a 9837204451 
090 0 0 |a 615.321   |b AYO 
100 1 0 |a Ayob Ismail 
245 1 0 |a Herba sumber perubatan tradisional :   |b merawat pelbagai penyakit   |c Ayob Ismail 
260 0 0 |a Kuala Lumpur :   |b Golden Books Centre ,   |c 2001 
300 |a iii, 83ms. :   |b il. wrn. ;   |c 22cm. 
650 0 0 |a Herbs   |x Therapeutic use 
999 |a 0000006327   |b Monograph   |c Open Shelf   |e Default branch